000 00557nam a2200181Ia 4500
005 20250326143205.0
008 250326s9999 xx 000 0 und d
037 _aTextbook
040 _aFMSL
_beng
_cFMSL
041 _aeng
_2eng
084 _aX:81y7 P2
_qFMSL
100 _aBasch M D
_9747342
245 0 _aCustomer culture : How fedEx and other great companies put the customer first every day
_cBasch M D
260 _aNew York
_bNew York, Prentice Hall
_c2002
300 _a274p
942 _cTB
_hX:81y7 P2
999 _c1298519
_d1298519